Leadership and management enhancement programme 2.0 : 4 - 6 March 2019

Bibliographic Details
Corporate Authors: Leadership and management enhancement programme 2.0, INSPEN ( Institut Penilaian Negara )
Format: Book
Subjects:

MARC

LEADER 00000cam a2200000 7i4500
001 0000028771
005 20200219.0
008 200219 my a eng
040 |a INS   |b eng   |c INS   |e rda 
090 0 0 |a M501 
110 1 |a Leadership and management enhancement programme 2.0 ,   |d 2019 4 - 6 March   |c INSPEN, Bangi 
245 0 0 |a Leadership and management enhancement programme 2.0 :   |b 4 - 6 March 2019   |c Organised by Professional Development Centre, INSPEN 
264 0 |a Bangi :   |b Institut Penilaian Negara   |c 2019 
300 |a 1 volume (Various pagings) :   |b illustration, pictures ;   |c 30 cm. 
336 |a text  |2 rdacontent 
337 |a unmediated  |2 rdamedia 
338 |a volume  |2 rdacarrier 
650 0 |a Leadership 
710 1 |a INSPEN ( Institut Penilaian Negara ) 
999 |a M000001242   |b BOOK   |c Course Notes   |e Default branch